000 00581nam a2200241Ia 4500
003 OSt
005 20230413155823.0
008 210423s2010 xx 000 0 und d
020 _a9788125941958
040 _cAL
041 _aeng
082 _a339.3 VAIM
100 _aVAISH (M C)
_988322
245 _aMacroeconomic theory
250 _a14
260 _aNew Delhi
_bVikas Publications
_c2010
300 _axvi,815
_bPB
365 _b450
_cINR
650 _aEconomics
_988323
650 _aMacroeconomics
_988324
906 _aMacroeconomic ; theory
942 _2ddc
_cBK
999 _c159772
_d159772